Fooling some of the people all of the time :a long short story -(E-BOOK) (Record no. 192769)

000 -LEADER
fixed length control field 01438 a2200289 4500
003 - CONTROL NUMBER IDENTIFIER
control field Nust
005 - DATE AND TIME OF LATEST TRANSACTION
control field 20170207154044.0
010 ## - LIBRARY OF CONGRESS CONTROL NUMBER
LC control number 2008011992
020 ## - INTERNATIONAL STANDARD BOOK NUMBER
International Standard Book Number 0470073942 (cloth)
020 ## - INTERNATIONAL STANDARD BOOK NUMBER
International Standard Book Number 9780470073940 (cloth)
035 ## - SYSTEM CONTROL NUMBER
System control number (OCoLC)213600784
035 ## - SYSTEM CONTROL NUMBER
System control number (OCoLC)ocn213600784
040 ## - CATALOGING SOURCE
Transcribing agency Nust
082 00 - DEWEY DECIMAL CLASSIFICATION NUMBER
Classification number 332.620973
100 1# - MAIN ENTRY--PERSONAL NAME
Personal name Einhorn, David.
245 10 - TITLE STATEMENT
Title Fooling some of the people all of the time :a long short story -(E-BOOK)
Statement of responsibility, etc. David Einhorn ; foreword by Joel Greenblatt.
260 ## - PUBLICATION, DISTRIBUTION, ETC.
Place of publication, distribution, etc. Hoboken, N.J. :
Name of publisher, distributor, etc. J. Wiley,
Date of publication, distribution, etc. c2008.
300 ## - PHYSICAL DESCRIPTION
Extent xx, 379 p. :
Other physical details ill. ;
Dimensions 24 cm.
505 ## - FORMATTED CONTENTS NOTE
Formatted contents note Part One: A Charity Case and Green light Capital (Page-9) Part Two: Spinning So Fast Leaves Most People Dizzy(Page-55) Part Three: Would Somebody, Anybody, Wake Up?(Page-145) Part Four: How the System Works (and Doesn’t)(Page-213) Part Five: Green light Was Right . . . Carry On(Page-275)
610 20 - SUBJECT ADDED ENTRY--CORPORATE NAME
Corporate name or jurisdiction name as entry element Allied Capital
General subdivision Accounting
-- Evaluation.
610 20 - SUBJECT ADDED ENTRY--CORPORATE NAME
Corporate name or jurisdiction name as entry element Allied Capital
General subdivision Management
-- Evaluation.
650 #0 - SUBJECT ADDED ENTRY--TOPICAL TERM
Topical term or geographic name entry element Small business investment companies
Geographic subdivision United States
General subdivision Management
-- Evaluation.
651 ## - SUBJECT ADDED ENTRY--GEOGRAPHIC NAME
Geographic name E-BOOK
856 42 - ELECTRONIC LOCATION AND ACCESS
Materials specified Contributor biographical information
Uniform Resource Identifier <a href="http://www.loc.gov/catdir/enhancements/fy0828/2008011992-b.html">http://www.loc.gov/catdir/enhancements/fy0828/2008011992-b.html</a>
856 42 - ELECTRONIC LOCATION AND ACCESS
Materials specified Publisher description
Uniform Resource Identifier <a href="http://www.loc.gov/catdir/enhancements/fy0828/2008011992-d.html">http://www.loc.gov/catdir/enhancements/fy0828/2008011992-d.html</a>
856 42 - ELECTRONIC LOCATION AND ACCESS
Materials specified Table of contents only
Uniform Resource Identifier <a href="http://www.loc.gov/catdir/enhancements/fy0828/2008011992-t.html">http://www.loc.gov/catdir/enhancements/fy0828/2008011992-t.html</a>
942 ## - ADDED ENTRY ELEMENTS (KOHA)
Source of classification or shelving scheme
Koha item type Book
Holdings
Withdrawn status Lost status Source of classification or shelving scheme Damaged status Not for loan Collection code Permanent Location Current Location Date acquired Total Checkouts Full call number Barcode Date last seen Price effective from Koha item type
            Military College of Signals (MCS) Military College of Signals (MCS) 12/12/2016   332.620973 EIN MCSEB-2291 12/08/2016 12/12/2016 Book
© 2023 Central Library, National University of Sciences and Technology. All Rights Reserved.